Países más cercanos a Guinea-Bissau - Sprint de 15 segundos - Estadísticas

Estadísticas generales
  • Esta prueba ha sido intentada 10 veces
  • La puntuación promedio es 4 de 20
Estadísticas de respuestas
km país % Correcto
0 Guinea
67%
0 Senegal
67%
519 Liberia
50%
61 Gambia
33%
1188 Ghana
33%
249 Sierra Leona
33%
1657 Argelia
17%
637 Côte d'Ivoire
17%
208 Malí
17%
1668 Marruecos
17%
280 Mauritania
17%
1511 Níger
17%
1832 Nigeria
17%
1479 Togo
17%
1586 Benín
0%
900 Burkina Faso
0%
758 Cabo Verde
0%
1674 España
0%
2225 Portugal
0%
921 Sahara Occidental
0%
No se encontraron pruebas coincidentes
Distribución de puntuación
Porcentaje de gente con cada puntuación
Porcentaje por número respondido
Historial de tus puntuaciones
No has intentado esta prueba.